| 000 | 00637nam a2200181 4500 | ||
|---|---|---|---|
| 008 | 171205b xxu||||| |||| 00| 0 eng d | ||
| 020 | _a0070612498 | ||
| 082 |
_21995 _aDC 573 _bSt3 |
||
| 100 |
_924156 _aStein, Philip L., author. |
||
| 245 |
_aPhysical anthropology : _bthe core / _cPhilip L. Stein, Bruce M. Rowe |
||
| 260 |
_aNew York : _bMcGraw-Hill, _c©1995 |
||
| 300 |
_axiv, 354 pages : _b illustration ; _c25 cm. |
||
| 500 | _aIncludes bibliographical references and index. | ||
| 650 | 0 |
_924158 _aPhysical anthropology |
|
| 650 | 0 |
_924159 _a Anthropology, Physical |
|
| 700 |
_924161 _aRowe, Bruce M., author. |
||
| 942 |
_2ddc _cDC |
||
| 999 |
_c7895 _d7895 |
||